Efigies y firmas de los Reyes de España (Record no. 58741)

MARC details
000 -LEADER
campo de control de longitud fija 00502nam a2200157 i 4500
001 - NÚMERO DE CONTROL
campo de control 58741
003 - IDENTIFICADOR DE NÚMERO DE CONTROL
campo de control ES-MaACL
005 - FECHA Y HORA DE LA ÚLTIMA TRANSACCIÓN
campo de control 20230906163856.0
007 - CAMPO FIJO DE DESCRIPCIÓN FÍSICA--INFORMACIÓN GENERAL
campo de control de longitud fija t|
008 - DATOS DE LONGITUD FIJA--INFORMACIÓN GENERAL
campo de control de longitud fija 031023s1963 sp ||||1| spa d
245 00 - MENCIÓN DEL TÍTULO
Título Efigies y firmas de los Reyes de España
Resto del título : reproducidos en forograbados /
Mención de responsabilidad, etc. por F. Sánchez Cano.
260 ## - PUBLICACIÓN, DISTRIBUCIÓN, ETC.
Lugar de publicación, distribución, etc. Madrid :
Nombre del editor, distribuidor, etc. [s.n.,
Fecha de publicación, distribución, etc. 1963] (
Fabricante Graf. García Blanco)
300 ## - DESCRIPCIÓN FÍSICA
Extensión 8 h., 95 lám. ;
Dimensiones 21 cm.
700 1# - ENTRADA AGREGADA--NOMBRE PERSONAL
Nombre de persona Sánchez Cano, F.
9 (RLIN) 102520
852 ## - LOCALIZACIÓN
Ubicación ES-MaACL
Número de control de estantería C-24344
Sublocalización o colección R.53174
Holdings
Estatus retirado Estado de pérdida Estado de daño No para préstamo Biblioteca de origen Biblioteca actual Ubicación en estantería Fecha de adquisición Fuente de adquisición Total de préstamos Signatura topográfica completa Código de barras Visto por última vez Precio de reemplazo Tipo de ítem Koha
        Biblioteca del Ateneo de Madrid Biblioteca del Ateneo de Madrid Depósito 2 17/01/2008     C-24344 1061624 23/02/2023 23/02/2023 Libro impreso